Introduction to engineering thermodynamics (Record no. 612596)

000 -LEADER
fixed length control field 00391nam a22001337a 4500
020 ## - INTERNATIONAL STANDARD BOOK NUMBER
International Standard Book Number 04713212729
040 ## - CATALOGING SOURCE
Transcribing agency Nust
082 ## - DEWEY DECIMAL CLASSIFICATION NUMBER
Classification number 621.4021
Author Mark SON
100 ## - MAIN ENTRY--PERSONAL NAME
Personal name Ricahrd E. Sonntag
9 (RLIN) 127480
245 ## - TITLE STATEMENT
Title Introduction to engineering thermodynamics
260 ## - PUBLICATION, DISTRIBUTION, ETC.
Place of publication, distribution, etc. New York:
Name of publisher, distributor, etc. John Willey and sons Inc,
Date of publication, distribution, etc. 2001.
650 ## - SUBJECT ADDED ENTRY--TOPICAL TERM
Topical term or geographic name entry element Introduction to engineering thermodynamics
9 (RLIN) 127481
942 ## - ADDED ENTRY ELEMENTS (KOHA)
Source of classification or shelving scheme
Koha item type Book
Holdings
Withdrawn status Lost status Source of classification or shelving scheme Damaged status Not for loan Permanent Location Current Location Shelving location Date acquired Total Checkouts Full call number Barcode Date last seen Price effective from Koha item type
          College of Electrical & Mechanical Engineering (CEME) College of Electrical & Mechanical Engineering (CEME) General Stacks 01/10/2025   621.4021 SON CEME- 34570 01/10/2025 01/10/2025 Book
© 2023 Central Library, National University of Sciences and Technology. All Rights Reserved.